The urban climatic map : (Record no. 83532)
[ view plain ]
| 000 -LEADER | |
|---|---|
| fixed length control field | 00545nam a2200193Ia 4500 |
| 001 - CONTROL NUMBER | |
| control field | 71141 |
| 005 - DATE AND TIME OF LATEST TRANSACTION | |
| control field | 20170313104747.0 |
| 008 - FIXED-LENGTH DATA ELEMENTS--GENERAL INFORMATION | |
| fixed length control field | 160226s9999 xx 000 0 und d |
| 020 ## - INTERNATIONAL STANDARD BOOK NUMBER | |
| International Standard Book Number | 9781849713764 |
| 040 ## - CATALOGING SOURCE | |
| Transcribing agency | PK-LaUMT |
| 082 ## - DEWEY DECIMAL CLASSIFICATION NUMBER | |
| Classification number | 711.4 |
| Item number | URB- |
| 245 #4 - TITLE STATEMENT | |
| Title | The urban climatic map : |
| Remainder of title | a methodology for sustainable urban planning / |
| Statement of responsibility, etc | edited by Edward Ng and Chao Ren |
| 260 ## - PUBLICATION, DISTRIBUTION, ETC. (IMPRINT) | |
| Place of publication, distribution, etc | London,UK: |
| Name of publisher, distributor, etc | Routledge, |
| Date of publication, distribution, etc | 2015 |
| 300 ## - PHYSICAL DESCRIPTION | |
| Extent | 474 p |
| 546 ## - LANGUAGE NOTE | |
| Language note | EN |
| 650 ## - SUBJECT ADDED ENTRY--TOPICAL TERM | |
| Topical term or geographic name as entry element | City planning-Environmental aspects |
| 700 ## - ADDED ENTRY--PERSONAL NAME | |
| Personal name | Ren, Chao |
| 942 ## - ADDED ENTRY ELEMENTS (KOHA) | |
| Koha item type | Books |
| Withdrawn status | Lost status | Damaged status | Home library | Current library | Date acquired | Full call number | Barcode | Date last seen | Price effective from | Koha item type | Copy number |
|---|---|---|---|---|---|---|---|---|---|---|---|
| UMT Main Campus | UMT Main Campus | 2016-02-26 | 711.4 URB- | 97768 | 2016-02-26 | 2016-02-26 | Books | ||||
| UMT Main Campus | UMT Main Campus | 2017-03-13 | 711.4 URB- | 106400 | 2017-03-13 | 2017-03-13 | Books | C. 2 |
